Computer Networks & Communications (NetCom) (Record no. 227092)

MARC details
000 -LEADER
fixed length control field 00575nam a2200145Ia 4500
008 - FIXED-LENGTH DATA ELEMENTS--GENERAL INFORMATION
fixed length control field 231221s9999 xx 000 0 und d
020 ## - INTERNATIONAL STANDARD BOOK NUMBER
International Standard Book Number 978-1-4614-6154-8
041 ## - LANGUAGE CODE
Language code of text/sound track or separate title English
100 ## - MAIN ENTRY--PERSONAL NAME
Personal name Nabendu Chaki, Natarajan Meghanathan, Dhinaharan Nagamalai
245 #0 - TITLE STATEMENT
Title Computer Networks & Communications (NetCom)
260 ## - PUBLICATION, DISTRIBUTION, ETC.
Date of publication, distribution, etc. 2013
Name of publisher, distributor, etc. Springer New York
Place of publication, distribution, etc. New York
440 ## - SERIES STATEMENT/ADDED ENTRY--TITLE
Title Lecture Notes in Electrical Engineering
650 ## - SUBJECT ADDED ENTRY--TOPICAL TERM
Topical term or geographic name entry element Communications Engineering, Networks; Computer Systems Organization and Communication Networks; Signal,Image and Speech Processing
942 ## - ADDED ENTRY ELEMENTS (KOHA)
Koha item type E-Books
Holdings
Date last seen Total checkouts Accession number Volume/Issue Number Uniform resource identifier Price effective from Category Lost status Damaged status Department Withdrawn status Home library Current library Shelving location Entry date Billnumber Currency symbol Conversion rate Discount Old discount
26/01/2024   EB9519 131 http://link.springer.com/openurl?genre=book&isbn=978-1-4614-6153-1 26/01/2024 E-Books     Central Library   Central Library Central Library Central Library   20170 RS 1    

© For any Suggestions or Query, please contact the library staff @ librarian@pes.edu or Phone: +9180 2672 1983/ 2108.